000 00993nam a2200277 4500
005 2009071105215.0
008 710802s1971 pauab b 001 0 eng
010 _aENG-94394
020 _a0070083665
_c395.00
020 _a9780070083660
_c395.00
035 _aEN-77927
037 _bDBAD / PUB
040 _adpl
_bEnglish
082 _a577
100 _aDash, Madhab Chandra
245 _aFundamentals of ecology
_cby Madhab Chandra Dash [and] Satya Prakash Dash
250 _a3d ed.
260 _aNew Delhi
_bTata McGraw-Hill Publishing
_c2009
270 _a7 West Patel Nagar,
_bNew Delhi
_e110008
300 _axvi, 562p.
_billus. (part col.), maps.
_c26cm(pbk)
500 _aIncludes bibliographical references and index
650 _aEcology.
700 _aDash, Stya Prakash
942 _2ddc
_cEN
_h577
_mDAS
999 _c28173
_d28173